| 000 | 00648nam a2200181 4500 | ||
|---|---|---|---|
| 008 | 170720b xxu||||| |||| 00| 0 eng d | ||
| 020 | _a0-07-035977-6 (acid-free paper) | ||
| 082 |
_21995 _aDC 372.19 _bK91 |
||
| 100 |
_921345 _aKrogh, Suzanne |
||
| 245 |
_aThe integrated early childhood curriculum / _cSuzanne Lowell Krogh |
||
| 250 | _aSecond Edition | ||
| 260 |
_aNew York : _bMcGraw-Hill, _cc1995. |
||
| 300 |
_axv, 430 pages : _billustrations ; _c24 cm |
||
| 500 | _aIncludes bibliographical references and index. | ||
| 650 | 0 |
_921346 _aEarly childhood education -- United States -- Curricula |
|
| 365 |
_b2,583.00 _cPhp |
||
| 942 |
_2ddc _cDC |
||
| 999 |
_c7058 _d7058 |
||